Wątki protoutopijne w Biblii

Bibliographic Details
Main Author: Szarlej, Jolanta (Author)
Format: Article
Language:Polish
ISBN:8322606990
Subjects:

MARC

LEADER 00000naa a2200000 a 4500
001 vtls011846964
003 SK-MaSNL
005 20260302133555.0
008 210910|1997 xo |||||||||||||||||pol|
015 |a SNBCL 
035 |a (urnnbn)urn:nbn:sk:snk:ar-008r83 
035 |a urn:nbn:sk:snk-aaw2x1 
035 |a (uuid)eab73722-28da-4b92-a436-0cef40150c66 
040 |a SNKBUCL  |b slo  |c SNKBUCL  |e AACR2 
041 |a pol 
044 |a xo  |c SK 
100 1 |a Szarlej, Jolanta  |4 aut  |9 820276 
245 1 0 |a Wątki protoutopijne w Biblii  |c Jolanta Szarlej 
336 |a text  |b txt  |c rdacontent 
337 |a bez média  |b n  |c rdamedia 
338 |a zväzok  |b nc  |c rdacarrier 
655 7 |a články zo zborníkov  |2 snkbucl  |9 166140 
773 0 |t Utopia w językach, literaturach i kulturach Słowian  |d Katowice : Wydawnictwo Uniwersytetu Śląskiego, 1997  |g S. 93-[104]  |z 8322606990 
958 |a OND 
958 |a article26 
958 |a chapter 
999 |c 1317539  |d 1319469